Conectados en el ciberespacio /
Guardado en:
| Autor Principal: | |
|---|---|
| Formato: | Libro |
| Publicado: |
Madrid :
Universidad Nacional de Educación a Distancia,
2010
|
| Materias: | |
| Etiquetas: |
Agregar Etiqueta
Sin Etiquetas, Sea el primero en etiquetar este registro!
|
| LEADER | 00763nam a22002655a 4500 | ||
|---|---|---|---|
| 001 | CEM.cems014102 | ||
| 008 | 130507s2010##################000#0#####d | ||
| 005 | 20210705181415.0 | ||
| 003 | CEMS | ||
| 245 | 1 | 0 | |a Conectados en el ciberespacio / |c Roberto Aparici |
| 260 | |a Madrid : |b Universidad Nacional de Educación a Distancia, |c 2010 | ||
| 300 | |a 291 p. | ||
| 590 | |a 1166.013 | ||
| 020 | |a 9788436261400 | ||
| 100 | 1 | |a Aparici, Roberto | |
| 653 | |a Comunicación | ||
| 653 | |a Web 2.0 | ||
| 653 | |a Historia de la comunicación | ||
| 653 | |a Redes sociales | ||
| 653 | |a Medios digitales | ||
| 653 | |a Tic | ||
| 653 | |a Tecnología y educación | ||
| 653 | |a Educación digital | ||
| 653 | |a Biblioteca TC | ||
| 859 | |a CEMS |b BIB. CEMS - 11 de abril |h TC |p 1166.013 |t Ej.1 | ||
